| 000 | 01687cam a22004574i 4500 | ||
|---|---|---|---|
| 003 | PE-LiUPU | ||
| 005 | 20250731184541.0 | ||
| 008 | 150623s r 000 0 d | ||
| 020 | _a9972755991 | ||
| 035 | _a(Sirsi) i9789972755996 | ||
| 040 |
_aPE-LiUPU _bspa _cPE-LiUPU _erda |
||
| 049 | _aPRUA | ||
| 082 | 0 | 4 |
_a985.0631 _bM55 _221 |
| 245 | 0 | 0 |
_aMúltiples miradas de Luis Alberto Sánchez sobre el Perú contemporáneo / _ceditado por Luis Alba Castro. |
| 264 | 1 |
_aLima : _bFondo Editorial del Congreso del Perú, _c2002. |
|
| 300 |
_a180 páginas ; _c20 centímetros |
||
| 336 |
_atext _2rdacontent |
||
| 337 |
_aunmediated _2rdamedia |
||
| 338 |
_avolume _2rdacarrier |
||
| 505 | 0 | _aAntropología, política y religión. -Literatura e Historia. -Vida y visión. -Historia, literatura e imaginación. -Crítica de la crítica literaria. -Sánchez desde nuestra época. -Múltiples miradas. | |
| 526 | _aP136 | ||
| 526 | _aP135 | ||
| 526 | _aP134 | ||
| 526 | _aP133 | ||
| 526 | _aP144 | ||
| 526 | _aP143 | ||
| 526 | _aP87 | ||
| 526 | _aP35 | ||
| 526 | _aP20 | ||
| 526 | _aP14 | ||
| 526 | _aP10 | ||
| 526 | _aP06 | ||
| 600 | 1 |
_aSánchez Sánchez, Luis Alberto. _d1900-1994 |
|
| 700 | 1 |
_aAlva Castro, Luis[et al], _eed. |
|
| 942 |
_2ddc _cBOOK |
||
| 949 |
_a985.0631 M55 _wDEWEY _c1 _i50509 _lCCODEBUL1 _mBUL _r0 _sY _tBOOK _u2015-6-24 _xEDUCACION _zUNKNOWN _0COMPRA _o.STAFF. Colección General |
||
| 994 |
_aC0 _bPEPRU |
||
| 596 | _a1 | ||
| 999 |
_a985.0631 M55 _wDEWEY _c32376 _i50509 _d32376 _f2021-11-8 _g5 _lCCODEBUL1 _mBUL _q2 _r0 _sY _tBOOK _u2015-6-24 _xBIBLIOTECA _zUNKNOWN _0COMPRA _o.STAFF. Colección General |
||
| 980 |
_81 _gALBERTO SANCHEZ Responsable de Automatización |
||